[Event "Riga Summer Festival 2020"]
[Site "Riga"]
[Date "2020.06.17"]
[Round "2.5"]
[White "Semjonovs, Ilja"]
[Black "Andrijashkin, Deniss"]
[Result "1-0"]
[WhiteElo "2362"]
[BlackElo "1850"]
[Annotator "TA"]
[PlyCount "83"]
[EventDate "2020.06.15"]
[EventType "swiss"]
[EventCountry "LAT"]
[SourceTitle "playchess.com"]
[Source "ChessBase"]
[SourceQuality "1"]

{[%evp 9,83,-28,-8,-17,0,-13,-23,-27,-14,-23,3,0,7,-5,1,1,-6,-12,0,-12,-5,4,50,60,59,56,62,52,46,54,62,49,84,72,133,129,127,125,157,126,156,120,127,128,147,123,119,41,170,193,200,215,184,166,162,154,163,179,197,185,319,311,347,310,306,300,380,325,414,397,634,628,624,618,1220,1135]} 1. d4 g6 2. Nf3 Bg7 3. Bg5 Nf6 4. Bxf6 Bxf6 5. e3 d6 6. Bd3 {[#] A48: 1 d4 Nf6 2 Nf3 g6: Torre, London and Colle Systems.} Nc6 $146 ({Predecessor:} 6... Nd7 7. c3 e5 8. Nbd2 Qe7 9. Qc2 d5 10. dxe5 Nxe5 11. Nxe5 Bxe5 12. Nf3 Bf6 {0-1 (65) Semjonovs,I (2141)-Guseinov,G (2691) Tallinn 2019}) 7. c3 e5 8. Nbd2 {Black has an edge.} Bg7 9. Qc2 Qe7 10. O-O-O Be6 11. h4 d5 {Strongly threatening ...e4.} 12. Bb5 e4 13. Ng5 Bd7 14. Qb3 h6 15. Nh3 a6 (15... Na5 $5 {[%cal Ra5b3]} 16. Bxd7+ Qxd7 $11) 16. Be2 O-O-O 17. Nf4 Be6 $1 18. f3 exf3 19. Bxf3 Qd6 20. Nxe6 Qxe6 21. e4 Na5 (21... dxe4 $142 22. Qxe6+ (22. Bxe4 Qd7 $16) 22... fxe6 23. Nxe4 (23. Bxe4 e5 $14) 23... e5) 22. Qa4 $16 dxe4 23. Nxe4 ({Weaker is} 23. Qxa5 exf3 24. Rhe1 Qd7 $11) 23... Qb6 24. h5 Rhe8 25. hxg6 fxg6 26. Nc5 {Black must now prevent Bg4+.} h5 27. Rhe1 Qb5 28. Qc2 (28. Qxb5 $16 {[%cal Rf3b7]} axb5 29. Kb1) 28... Bh6+ {This costs Black the game.} (28... Nc4 $1 $14 29. Bxb7+ {[%mdl 64] Double Attack} Kb8) 29. Kb1 $18 Nc4 {Hoping for ...Na3+.} 30. Bxb7+ {[%mdl 64] [#] Double Attack} Kb8 31. Ka1 $36 {[%mdl 2048] White is on the roll.} Ne3 32. Rxe3 $1 Rxe3 33. Bxa6 ({Resist} 33. Qxg6 $6 Bf8 $16) 33... Qb6 {and if ...Bf8 works, Black does fine.} 34. Bd3 Rd6 {[#]} (34... Bf8 {was called for.}) 35. Bxg6 $1 {[%mdl 512]} Rd8 (35... Rxg6 36. Nd7+) 36. Bxh5 Bf8 37. Ne4 Qe6 38. Bf3 Re8 {[%cal Re3e4]} 39. Nf2 Re1 (39... Qa6 $142 40. Qb3+ Ka7) 40. Qa4 {[%csl Gf3][%cal Ra4a8] White is clearly winning.} Rxd1+ 41. Nxd1 {[%csl Gf3][%cal Ra4a8]} Kc8 42. Bc6 {Accuracy: White = 91%, Black = 51%.} 1-0

[Event "Riga Summer Festival 2020"]
[Site "Riga"]
[Date "2020.06.17"]
[Round "3.1"]
[White "Vardanyan, Aras"]
[Black "Sveshnikov, Vladimir"]
[Result "0-1"]
[WhiteElo "2178"]
[BlackElo "2424"]
[Annotator "TA"]
[PlyCount "54"]
[EventDate "2020.06.15"]
[EventType "swiss"]
[EventCountry "LAT"]
[SourceTitle "playchess.com"]
[Source "ChessBase"]
[SourceQuality "1"]

{[%evp 14,54,22,-13,0,0,3,0,0,6,26,-45,-30,-82,-62,-79,-74,-162,-111,-507,-472,-474,-473,-456,-423,-621,-635,-489,-373,-356,-354,-322,-338,-348,-342,-671,-678,-655,-653,-706,-547,-1081,-1074]} 1. d4 d5 2. c4 e6 3. Nc3 c6 4. Nf3 Nf6 5. Bg5 h6 6. Bxf6 Qxf6 7. Qb3 a5 8. e4 {[%cal Rc4d5]} dxe4 {D43: Semi-Slav: 5 Bg5 h6.} 9. Nxe4 Bb4+ 10. Kd1 Qf4 {The position is equal.} 11. Bd3 {Strongly threatening c5.} f5 12. Ng3 (12. Nc3 $1 $11) 12... c5 $1 $15 13. d5 (13. Ne2 $11 {remains equal.} Qd6 14. Bxf5 cxd4 15. a3) 13... a4 $36 {[%mdl 2048] Black is pushing.} 14. Qc2 {[#]} a3 $146 ({Predecessor:} 14... O-O 15. a3 Ba5 16. Qe2 exd5 17. cxd5 Bd7 18. Qe5 Bc7 19. Qxf4 Bxf4 20. Nh4 Bxg3 21. hxg3 b5 22. Kd2 Ra6 23. Rae1 c4 24. Bc2 Rd6 25. Kc3 Rxd5 26. Ng6 {1-0 (26) Timman,J (2665)-Kuczynski,R (2525) Tilburg 1992}) 15. dxe6 {[#]} (15. Ke2 $17 {keeps fighting.}) 15... O-O ({Don't do} 15... Bxe6 16. Nh5 $15) (15... Nc6 $1 $19 16. b3 (16. Nxf5 $2 O-O $19) 16... O-O) 16. Nxf5 $2 {[%mdl 8192]} (16. Ke2 $17) 16... Nc6 $19 17. e7 Re8 18. Ne3 Nxe7 19. Be4 (19. b3 $142 Bg4 20. Nxg4 Qxg4 21. Rg1) 19... axb2 20. Rb1 Bg4 21. Rxb2 Rad8+ 22. Kc1 Ba3 23. g3 Bxb2+ 24. Kb1 $2 {[#]} (24. Kxb2 Qf6+ 25. Qc3 Bxf3 26. Qxf6 gxf6 27. Bxf3) 24... Qxf3 $1 {Black is clearly winning.} 25. Bxf3 Bxf3 26. Re1 Bd4 27. a4 Nc6 {Black took control after the opening. Accuracy: White = 28%, Black = 82%.} 0-1

[Event "Riga Summer Festival 2020"]
[Site "Riga"]
[Date "2020.06.17"]
[Round "3.2"]
[White "Batashevs, Arsens"]
[Black "Berzinsh, Roland"]
[Result "1/2-1/2"]
[WhiteElo "2166"]
[BlackElo "2375"]
[Annotator "TA"]
[PlyCount "81"]
[EventDate "2020.06.15"]
[EventType "swiss"]
[EventCountry "LAT"]
[SourceTitle "playchess.com"]
[Source "ChessBase"]
[SourceQuality "1"]

{[%evp 9,81,4,50,43,67,54,154,151,167,162,166,96,223,218,216,101,106,0,21,29,22,13,62,69,64,71,64,70,69,69,101,35,35,29,215,232,237,0,0,0,0,0,66,36,64,-122,-124,-113,-80,-70,-69,-134,0,-129,-121,-122,-122,-122,-125,-130,-130,-130,-119,-130,-134,-119,0,-137,0,-119,0,-129,-127,-131]} 1. Nf3 c5 2. e3 d5 3. b3 Nf6 4. Bb2 Nc6 5. Bb5 g6 {[#]} 6. Nc3 $146 {A06: Réti Opening: 1 Nf3 d5.} ({Predecessor:} 6. c4 dxc4 7. Ne5 Bd7 8. Nxc6 Bxc6 9. Bxc6+ bxc6 10. bxc4 Bg7 11. Qc2 O-O 12. O-O Qd6 13. Nc3 {0-1 (44) Nakamura,H (2749)-Corrales Jimenez,F (2559) chess.com INT 2019}) 6... Qd6 7. e4 d4 (7... dxe4 $14 8. Nxe4 Nxe4) 8. e5 $1 $16 {[%cal Re5d6][%mdl 64] Double Attack. White is clearly better.} Qe6 9. Bc4 $1 {[%cal Rc4e6]} Qf5 10. Bd3 ({But not} 10. exf6 $6 dxc3 11. Bxc3 (11. dxc3 Qxf6 12. Qd5 Bg4 $14) 11... exf6 $14) (10. Nb5 $1 $18) 10... Qe6 (10... Qd7 $16) 11. Nb5 $1 $18 {[%cal Rb5c7]} Nd5 12. Be4 (12. Bc4 $18 {is the precise move to win.}) 12... Kd7 $16 13. c4 ({White should try} 13. O-O $16) 13... Nf6 {[%mdl 64] Pin} 14. Bxc6+ bxc6 15. O-O {Strongly threatening Nbxd4.} cxb5 (15... Nh5 $5 {[%cal Rc6b5]} 16. Nfxd4 cxd4 17. Nxd4 Qxe5 $11) 16. exf6 exf6 17. Re1 $36 {[%mdl 2048] Keeping Black busy.} Qf5 18. cxb5 ({Worse is} 18. Qe2 Bb7 $17) 18... Bb7 {[#]} 19. b4 $1 {[%mdl 512]} cxb4 20. Bxd4 (20. Qa4 $1 $16 Qd5 21. Bxd4) 20... Bd6 $14 21. Qa4 {And now Rac1 would win.} Rhe8 $2 (21... Rhc8 $11 {and Black has nothing to worry.}) 22. b6+ $18 ({And not} 22. Bxa7 Re6 $15) 22... Bc6 23. Qb3 $2 (23. Rxe8 $18 Bxa4 24. Rxa8) 23... Bd5 $11 24. Rxe8 Kxe8 25. Qe3+ Kf8 ({Better is} 25... Kd7 $11) 26. bxa7 $14 Re8 27. Bc5 $2 (27. Qh6+ $14 {is the one way to stay ahead.} Kg8 28. Qh4) 27... Rxe3 $17 28. Bxd6+ Kg7 29. dxe3 Qc2 $1 30. h3 {[#]} (30. e4 $1 $15 Qxe4 31. Bc5) 30... Bb7 (30... Qa4 $1 $17 {White must now prevent ...b3.} 31. Rb1 Bxa2) 31. Re1 (31. Nd4 $11 Qe4 32. Nf3) 31... Qxa2 {aiming for ...b3.} 32. Bxb4 {next Bc5 is good for White.} Qxa7 33. Bc3 Qa8 34. Ra1 Qc8 35. Rc1 {With the idea Bxf6+!} Qf5 36. Nh2 Qe4 {[%csl Gb7][%cal Re4g2]} 37. Nf3 Qf5 38. Nh2 $1 {intending Ng4.} Qe4 {[%csl Gb7][%cal Re4g2]} 39. Nf3 Qf5 40. Nh2 $1 {[#]} h5 $1 41. Bd4 {Accuracy: White = 64%, Black = 70%.} 1/2-1/2

[Event "Riga Summer Festival 2020"]
[Site "Riga"]
[Date "2020.06.17"]
[Round "3.3"]
[White "Salna, Aleksandras"]
[Black "Semjonovs, Ilja"]
[Result "0-1"]
[WhiteElo "2063"]
[BlackElo "2362"]
[Annotator "TA"]
[PlyCount "86"]
[EventDate "2020.06.15"]
[EventType "swiss"]
[EventCountry "LAT"]
[SourceTitle "playchess.com"]
[Source "ChessBase"]
[SourceQuality "1"]

{[%evp 17,86,46,64,27,19,4,7,7,20,14,24,0,0,0,8,9,18,8,20,0,0,0,31,40,33,35,48,31,97,97,97,103,119,117,131,72,67,-352,-337,-349,-351,-355,-356,-396,-350,-513,-489,-439,-324,-325,-325,-325,-325,-332,-341,-566,-551,-616,-615,-747,-730,-762,-737,-802,-789,-1678,-590,-1082,-1065,-2152,-2024]} 1. d4 Nf6 2. Nf3 g6 3. c4 d5 4. Nc3 Bg7 5. Qb3 dxc4 6. Qxc4 O-O 7. e4 c6 8. Be2 b5 9. Qb3 a5 10. e5 {D97: Grünfeld: Russian System: 7 e4, replies other than 7...Bg4.} a4 11. Qd1 Nd5 12. O-O {[#] The position is equal.} f6 $146 ({Predecessor:} 12... Qb6 13. Nxd5 cxd5 14. Bg5 Nc6 15. Rc1 h6 16. Be3 e6 17. Rc5 Ba6 18. Qc2 Rfc8 {0-1 (44) Watorek,M (2154)-Shishkin,V (2485) Koszalin 2012}) 13. Bd2 Be6 14. Ne4 Nd7 {[%cal Rf6e5]} 15. Rc1 Rc8 {[%cal Rf6e5]} 16. exf6 exf6 17. Re1 {Nd6 is the strong threat.} N7b6 18. b3 axb3 19. axb3 Bf7 20. h4 Re8 21. Bd3 Ne7 22. Ba5 Ra8 (22... Ned5 $14) 23. Bxb6 $16 {[%mdl 64] Overworked Piece} Qxb6 24. Nd6 Red8 25. Nxf7 (25. Rxe7 Rxd6 26. h5 Qd8 $15) 25... Kxf7 26. Qe2 (26. h5 $142) 26... Qb7 27. Ng5+ $2 {[%mdl 8192] White does not recover from this.} (27. Qe6+ $14 {keeps the upper hand.} Kf8 28. h5) 27... fxg5 $19 28. Qe6+ Kf8 29. Re3 {Strongly threatening Rf3+.} g4 ({Weaker is} 29... Bxd4 30. Rf3+ Nf5 31. g4 $17) ({Don't do} 29... Rxd4 {[#]} 30. h5 $1 $19 {[%mdl 512]}) 30. Re4 {intending Rf4+.} Rxd4 31. Rxd4 (31. Rxg4 $142 Rad8 32. Rxd4 Bxd4 33. h5) 31... Bxd4 32. Qxg4 Ra1 33. Rxa1 Bxa1 34. h5 Kg7 35. Qe6 gxh5 36. f4 $2 (36. Qh3 {was the only defense.}) 36... Qb6+ {Black is clearly winning.} 37. Kh1 Qc5 38. Qe4 Ng6 39. g3 Bf6 40. Kg2 h4 41. g4 Qd5 42. Kf3 Qxb3 43. g5 {[#]} Bxg5 $1 {Accuracy: White = 73%, Black = 83%.} 0-1

[Event "Riga Summer Festival 2020"]
[Site "Riga"]
[Date "2020.06.17"]
[Round "3.4"]
[White "Chukavin, Kirill"]
[Black "Katishonok, Nikolaj"]
[Result "1-0"]
[WhiteElo "2348"]
[BlackElo "2101"]
[Annotator "TA"]
[PlyCount "89"]
[EventDate "2020.06.15"]
[EventType "swiss"]
[EventCountry "LAT"]
[SourceTitle "playchess.com"]
[Source "ChessBase"]
[SourceQuality "1"]

{[%evp 16,89,40,32,47,42,61,42,35,32,33,33,36,0,75,78,75,75,82,-138,122,100,151,139,132,130,231,223,219,217,229,237,243,146,190,127,104,105,220,181,233,249,243,251,248,245,256,268,272,266,267,263,415,394,380,356,460,443,457,471,481,463,506,381,387,386,520,501,500,492,482,482,489,479,464,462]} 1. e4 e6 2. d4 d5 3. Nd2 Nc6 4. Ngf3 Nf6 5. e5 Nd7 6. Be2 f6 7. exf6 Qxf6 8. Nf1 Bd6 9. Ne3 b6 {C04: French Tarrasch: 3...Nc6.} 10. O-O Bb7 11. Re1 {Threatens to win with Nxd5!} O-O-O {[#] White is slightly better.} 12. Ng4 $146 ({Predecessor:} 12. c4 dxc4 13. Nxc4 Bf4 14. Bxf4 Qxf4 15. Qd2 Qxd2 16. Ncxd2 Nb4 17. Bd1 Nd3 18. Rxe6 Nxb2 {1-0 (136) Mukhina,J (2071)-Toporkova,S (1868) Moscow 2016}) 12... Qg6 13. h3 Rde8 14. c3 Rhf8 (14... e5 $11) 15. b4 h5 16. Bd3 $36 {[%mdl 2048] White is in control.} Qf7 17. Nge5 $2 (17. Ng5 $16 {is forced if you want to stay better.} Qg8 18. Nh2) 17... Bxe5 $4 {[%mdl 8192]} (17... Ndxe5 $17 18. dxe5 Nxe5 $1 {[%mdl 512]} 19. Rxe5 Bxe5) 18. dxe5 $16 d4 {[#]} (18... g5 $142) 19. Qc2 $1 {Black must now prevent Bg6.} dxc3 20. a3 ({Much weaker is} 20. Qxc3 $6 Ne7 $11) 20... Ne7 (20... Qg8 $16) 21. Ng5 $18 Qg8 22. Qxc3 Nd5 23. Qc2 g6 24. Bb5 {Strongly threatening Ne4.} Qg7 25. Ne4 (25. Bd2 $18) 25... Kb8 $16 26. Bg5 c6 (26... Rc8 $16) 27. Bd3 ({Weaker is} 27. Bxc6 Rc8 $14) 27... Qxe5 {[#]} (27... Rf5 {might work better.}) 28. Nf6 $1 $18 {[%mdl 512]} Qxg5 (28... N5xf6 29. Rxe5) 29. Nxd7+ Ka8 30. Nxf8 Nf4 {[%csl Gf4][%cal Rg5g2]} 31. Be4 Rxf8 32. Kh2 Nd5 33. Rad1 c5 (33... Kb8 $142 34. Kg1 h4 35. Bxd5 exd5) 34. bxc5 Rc8 35. Qd2 Qxd2 36. Rxd2 bxc5 37. Bxg6 c4 38. Rc2 c3 39. Be4 Rc4 40. Bf3 Nc7 {If only Black now had time for ...Bxf3....} 41. Be2 {White is clearly winning.} Rc5 42. Rec1 Rg5 43. g3 Rf5 44. Kg1 Nd5 45. Bc4 {Accuracy: White = 73%, Black = 49%.} 1-0

[Event "Riga Summer Festival 2020"]
[Site "Riga"]
[Date "2020.06.17"]
[Round "3.5"]
[White "Sibajeva, Marija"]
[Black "Stepins, Edgars"]
[Result "1/2-1/2"]
[WhiteElo "2060"]
[BlackElo "2277"]
[Annotator "TA"]
[PlyCount "63"]
[EventDate "2020.06.15"]
[EventType "swiss"]
[EventCountry "LAT"]
[SourceTitle "playchess.com"]
[Source "ChessBase"]
[SourceQuality "1"]

{[%evp 15,63,0,8,7,10,8,0,0,0,0,0,-7,0,0,7,0,19,8,13,30,52,48,47,41,50,49,54,48,58,56,60,36,35,37,40,33,60,30,37,37,62,45,58,54,62,21,66,0,66,0]} 1. e4 c6 2. d4 d5 3. Nc3 dxe4 4. Nxe4 Nf6 5. Nxf6+ exf6 6. Nf3 Bd6 7. Be2 O-O 8. O-O Re8 9. c4 {B15: Caro-Kann: 3 Nc3: 3...g6 and 3...dxe4 4 Nxe4 Nf6 5 Nxf6+ exf6.} Nd7 10. Re1 Nf8 11. Bd2 {The position is equal.} Be6 {[#]} 12. Qb3 $146 ({Predecessor:} 12. Bd3 Ng6 13. Qc2 Qd7 14. Bc3 h6 15. g3 b5 16. c5 {½-½ (16) Mulde,R (2228)-Gulbis,H (2239) ICCF email 2018}) 12... Rb8 13. a4 {[%cal Ba2a4,Ba4a5][%mdl 32]} Ng6 14. Bf1 a6 15. a5 Qc7 16. Bb4 Bxb4 17. Qxb4 Bg4 18. Rxe8+ Rxe8 19. Re1 Rd8 20. Nd2 $1 Be6 21. Nb3 Nf8 22. Rd1 Bc8 23. Nc5 Ne6 24. Nxe6 fxe6 25. Rd3 Re8 26. Qd2 Qe7 27. h3 Bd7 28. Rb3 Bc8 $1 29. Re3 Rd8 30. Rd3 Re8 31. Re3 Rd8 $1 32. Rd3 {Accuracy: White = 87%, Black = 87%.} (32. Qc3 $14) 1/2-1/2

[Event "Riga Summer Festival 2020"]
[Site "Riga"]
[Date "2020.06.17"]
[Round "4.1"]
[White "Sveshnikov, Vladimir"]
[Black "Chukavin, Kirill"]
[Result "0-1"]
[WhiteElo "2424"]
[BlackElo "2348"]
[Annotator "TA"]
[PlyCount "54"]
[EventDate "2020.06.15"]
[EventType "swiss"]
[EventCountry "LAT"]
[SourceTitle "playchess.com"]
[Source "ChessBase"]
[SourceQuality "1"]

{[%evp 14,54,14,-7,0,0,5,0,0,0,22,-39,-37,-93,-100,-78,-69,-160,-108,-564,-565,-606,-583,-484,-422,-805,-799,-692,-372,-347,-335,-327,-302,-328,-313,-700,-710,-676,-677,-721,-600,-1013,-1029]} 1. d4 d5 2. c4 e6 3. Nc3 c6 4. Nf3 Nf6 5. Bg5 h6 6. Bxf6 Qxf6 7. Qb3 a5 8. e4 {[%cal Rc4d5]} dxe4 {D43: Semi-Slav: 5 Bg5 h6.} 9. Nxe4 Bb4+ 10. Kd1 Qf4 {The position is equal.} 11. Bd3 {Hoping for c5.} f5 12. Ng3 ({White should play} 12. Nc3 $11) 12... c5 $1 $15 13. d5 (13. Ne2 $15 Qd6 14. Bxf5 cxd4 15. Bc2) 13... a4 $36 {[%mdl 2048] Black has strong initiative.} 14. Qc2 {[#]} a3 $146 ({Predecessor:} 14... O-O 15. a3 Ba5 16. Qe2 exd5 17. cxd5 Bd7 18. Qe5 Bc7 19. Qxf4 Bxf4 20. Nh4 Bxg3 21. hxg3 b5 22. Kd2 Ra6 23. Rae1 c4 24. Bc2 Rd6 25. Kc3 Rxd5 26. Ng6 {1-0 (26) Timman,J (2665)-Kuczynski,R (2525) Tilburg 1992}) 15. dxe6 {[#]} (15. Ke2 $15) 15... O-O ({Much weaker is} 15... Bxe6 $6 16. Qe2 $15) (15... Nc6 $142 $1 16. b3 (16. Nxf5 $2 O-O $19) 16... Bxe6) 16. Nxf5 $2 {[%mdl 8192] This move loses the game for White.} (16. Ke2 $17) 16... Nc6 $19 17. e7 Re8 {White must now prevent ...Bxf5.} 18. Ne3 Nxe7 19. Be4 (19. Rb1 $142 Bg4 20. Nxg4 Qxg4 21. Rg1) 19... axb2 20. Rb1 Bg4 21. Rxb2 Rad8+ 22. Kc1 Ba3 23. g3 Bxb2+ 24. Kb1 $2 {[#]} (24. Kxb2 Qf6+ 25. Qc3) 24... Qxf3 $1 {Black is clearly winning.} 25. Bxf3 Bxf3 26. Re1 Bd4 27. a4 Nc6 {Accuracy: White = 35%, Black = 80%.} 0-1

[Event "Riga Summer Festival 2020"]
[Site "Riga"]
[Date "2020.06.17"]
[Round "4.2"]
[White "Semjonovs, Ilja"]
[Black "Stabulnieks, Klavs"]
[Result "1/2-1/2"]
[WhiteElo "2362"]
[BlackElo "2204"]
[Annotator "TA"]
[PlyCount "32"]
[EventDate "2020.06.15"]
[EventType "swiss"]
[EventCountry "LAT"]
[SourceTitle "playchess.com"]
[Source "ChessBase"]
[SourceQuality "1"]

{[%evp 11,19,-29,-10,-12,-3,-4,-4,-6,-2,-14]} 1. d4 Nf6 2. Nf3 g6 3. Bg5 Bg7 4. e3 O-O 5. Bxf6 exf6 6. Bd3 d5 7. c4 {The position is equal. D00: 1 d4 d5: Unusual lines.} c6 8. Nc3 dxc4 9. Bxc4 Nd7 10. O-O {[#] Not much happened in this game.} {Predecessor:} Nb6 $146 11. Bd3 f5 12. Qc2 Be6 13. Rfd1 Qd6 14. Rac1 Rad8 15. a3 Rfe8 16. Kh1 Nd5 {1-0 (58) Nguyen,T (1804)-Saughanthika,A (1622) Sari 2013} 1/2-1/2

[Event "Riga Summer Festival 2020"]
[Site "Riga"]
[Date "2020.06.17"]
[Round "4.3"]
[White "Berzinsh, Roland"]
[Black "Bekasovs, Rihards"]
[Result "1-0"]
[WhiteElo "2375"]
[BlackElo "2179"]
[Annotator "TA"]
[PlyCount "101"]
[EventDate "2020.06.15"]
[EventType "swiss"]
[EventCountry "LAT"]
[SourceTitle "playchess.com"]
[Source "ChessBase"]
[SourceQuality "1"]

{[%evp 14,101,-9,-10,-15,-14,-14,-11,0,-13,0,0,0,0,0,0,0,0,0,-4,4,7,2,0,12,12,12,16,25,0,2,6,63,62,70,60,55,58,66,36,36,36,36,37,43,53,241,234,221,213,401,223,222,232,285,229,237,233,262,239,258,164,164,164,164,164,239,225,327,320,202,109,588,575,572,552,530,311,267,0,469,439,576,561,1300,1298,756,457,29989,100]} 1. e4 e6 2. d4 d5 3. exd5 exd5 4. Nf3 Nf6 5. c4 Bb4+ 6. Bd2 Bxd2+ 7. Nbxd2 O-O 8. Be2 dxc4 {A51: Budapest Gambit, Fajarowicz Variation.} 9. Nxc4 Nbd7 10. O-O Nb6 {[#] The position is equal.} 11. Rc1 $146 ({Predecessor:} 11. Nfe5 Be6 12. b3 c6 13. Rc1 Qc7 14. Qd2 Rad8 15. Qe3 Qb8 16. Rfd1 Nbd5 17. Qg3 Ne7 18. Ne3 Rd6 19. N5c4 Rdd8 20. Ne5 Rd6 21. N5c4 Rdd8 22. Ne5 Rd6 {½-½ (22) Miezis,N (2477)-Malakhatko,V (2545) Runavik 2018}) 11... Nxc4 12. Bxc4 Bg4 13. h3 Bxf3 14. Qxf3 c6 15. Qb3 Qd7 16. Rfe1 Rfe8 17. Re5 Rad8 18. a4 (18. Qe3 {looks sharper.} h6 19. Re1 b6 20. Bb3 a5 21. Qc3) 18... Rxe5 (18... g6 {is more complex.} 19. Rce1 Kg7 20. Qf3 Rf8 21. Rd1 Qd6) 19. dxe5 Nd5 $1 20. Rd1 h6 21. a5 Qc7 22. g3 {[%cal Rc4d5]} Qxa5 ({Better is} 22... Re8 $11) 23. Qxb7 $14 Qc5 24. b3 {[%cal Bb2b3,Bb3b4][%mdl 32]} Qb6 25. Qxb6 axb6 {[%cal Ba7b6,Bb6b5][%mdl 4128] Endgame KRB-KRN} 26. b4 {Strongly threatening b5.} b5 $1 {[%cal Rb5c4]} 27. Bxd5 cxd5 {KR-KR} 28. f4 d4 29. Kf2 d3 $2 (29... Kf8 $14) 30. Ke3 $18 Rc8 31. Rxd3 Rc4 $2 (31... Kf8 {might work better.} 32. Rd5 Rc3+ 33. Kf2 h5) 32. Rd4 (32. Rd8+ $142 Kh7 33. f5) 32... Rc3+ 33. Kf2 $1 Rb3 34. f5 {Hoping for Rd8+.} Kf8 35. h4 Ke7 36. h5 $1 Ke8 37. Kg2 Ke7 38. Kh3 Rb1 39. Kg4 $1 Rb2 (39... Rb3 {is a better defense.} 40. Kf4 Rb1) 40. Kf4 Rc2 {[#]} (40... Rb3 $142 41. g4 Rc3) 41. Ke4 $1 {[%cal Re4d5]} Rc3 {[#]} 42. g4 (42. Kd5 $1 $18) 42... Rg3 $2 {[%mdl 8192]} (42... Rc2 $16 {is a better chance.} 43. Kd5 Rc1) 43. Kd5 Rc3 44. Rf4 Rc1 45. Re4 Rc2 46. Rf4 $2 (46. e6) 46... Rc1 $1 47. f6+ gxf6 48. exf6+ Kd7 49. Re4 Kd8 50. Kd6 Rc7 {[#]} (50... Rd1+ $18 51. Kc5 Rf1 52. Kxb5 Rxf6) 51. Re8+ $1 {[%mdl 512] Accuracy: White = 72%, Black = 61%.} 1-0

[Event "Riga Summer Festival 2020"]
[Site "Riga"]
[Date "2020.06.17"]
[Round "4.4"]
[White "Stepins, Edgars"]
[Black "Batashevs, Arsens"]
[Result "1-0"]
[WhiteElo "2277"]
[BlackElo "2166"]
[Annotator "TA"]
[PlyCount "89"]
[EventDate "2020.06.15"]
[EventType "swiss"]
[EventCountry "LAT"]
[SourceTitle "playchess.com"]
[Source "ChessBase"]
[SourceQuality "1"]

{[%evp 16,89,43,46,38,46,59,39,35,37,35,19,41,-11,77,68,62,65,47,-145,108,104,135,133,127,167,226,230,232,238,229,220,229,143,179,135,120,119,226,186,237,243,243,218,206,214,268,252,262,255,245,254,405,389,402,352,444,443,445,454,475,451,505,372,356,347,545,472,501,502,467,487,500,493,499,490]} 1. e4 e6 2. d4 d5 3. Nd2 Nc6 4. Ngf3 Nf6 5. e5 Nd7 6. Be2 f6 7. exf6 Qxf6 8. Nf1 Bd6 9. Ne3 b6 {C04: French Tarrasch: 3...Nc6.} 10. O-O Bb7 11. Re1 {Hoping for Nxd5!} O-O-O {[#] White is slightly better.} 12. Ng4 $146 ({Predecessor:} 12. c4 dxc4 13. Nxc4 Bf4 14. Bxf4 Qxf4 15. Qd2 Qxd2 16. Ncxd2 Nb4 17. Bd1 Nd3 18. Rxe6 Nxb2 {1-0 (136) Mukhina,J (2071)-Toporkova,S (1868) Moscow 2016}) 12... Qg6 13. h3 Rde8 14. c3 (14. Bb5 $14) 14... Rhf8 (14... e5 $11 {remains equal.}) 15. b4 h5 16. Bd3 $36 {[%mdl 2048] White fights for an advantage.} Qf7 17. Nge5 $2 (17. Ng5 $14 {stays ahead.} Qg8 18. Nh2) 17... Bxe5 $4 {[%mdl 8192]} (17... Ndxe5 $17 {stays on course.} 18. dxe5 {[#]} Nxe5 $1 {[%mdl 512]} 19. Rxe5 Bxe5) 18. dxe5 $16 d4 {White must now prevent ...Ncxe5!} 19. Qc2 {Strongly threatening b5.} dxc3 20. a3 ({But not} 20. Qxc3 $6 Ne7 $11) 20... Ne7 (20... Qg8 $142) 21. Ng5 $18 Qg8 22. Qxc3 Nd5 23. Qc2 g6 24. Bb5 Qg7 25. Ne4 {And now Nd6+ would win.} Kb8 26. Bg5 c6 (26... Rc8 $16) 27. Bd3 ({Less strong is} 27. Bxc6 Rc8 $14) 27... Qxe5 {[#]} (27... Rf5 {might work better.}) 28. Nf6 $1 {[%mdl 512]} Qxg5 (28... N5xf6 29. Rxe5) 29. Nxd7+ Ka8 {...Nf4! is the strong threat.} 30. Nxf8 Nf4 {[%csl Gf4][%cal Rg5g2]} 31. Be4 Rxf8 32. Kh2 Nd5 33. Rad1 c5 (33... Kb8 {keeps fighting.} 34. Kh1 Rc8) 34. bxc5 Rc8 35. Qd2 Qxd2 36. Rxd2 bxc5 37. Bxg6 c4 38. Rc2 c3 39. Be4 Rc4 40. Bf3 Nc7 (40... Nf4 {was necessary.} 41. Bxb7+ Kxb7) 41. Be2 {White is clearly winning.} Rc5 42. Rec1 Rg5 43. g3 Rf5 44. Kg1 Nd5 45. Bc4 {Accuracy: White = 69%, Black = 49%.} 1-0